[Event "72nd RUS-ch Higher League 2019"]
[Site "Yaroslavl"]
[Date "2019.06.29"]
[Round "3.2"]
[White "Esipenko, Andrey"]
[Black "Paravyan, David"]
[Result "1/2-1/2"]
[WhiteElo "2611"]
[BlackElo "2605"]
[Annotator "TA"]
[PlyCount "203"]
[EventDate "2019.06.27"]
[EventType "swiss"]
[EventCountry "RUS"]
[SourceTitle "playchess.com"]
[Source "ChessBase"]
[SourceQuality "1"]

{[%evp 11,203,10,16,13,37,13,36,27,27,33,18,12,20,22,31,20,23,10,39,31,64,63,47,44,70,61,83,82,97,64,122,122,156,145,169,162,196,189,206,169,235,93,100,104,97,95,97,95,99,89,137,110,100,114,120,106,106,106,107,111,110,96,106,95,97,86,94,86,86,86,111,114,114,121,133,135,114,86,86,80,86,70,70,69,70,69,70,69,69,66,69,69,70,66,66,66,66,66,66,66,66,66,66,66,66,66,66,66,66,66,66,66,66,48,48,48,48,38,48,0,0,0,0,0,0,0,0,0,0,0,0,0,0,0,0,0,0,0,0,0,0,0,0,0,0,0,0,0,0,0,0,0,0,0,0,0,0,0,0,0,0,0,0,0,0,0,0,0,0,0,0,0,0,0,0,0,0,0,0,0,0,0,0,0,0,0,0,0,0,0,0,0,20,0]} 1. d4 Nf6 2. Nf3 d5 3. c4 e6 4. Nc3 Bb4 5. Qa4+ Nc6 6. e3 O-O 7. Qc2 {D38: Queen's Gambit Declined: Ragozin Defence (4 Nf3 Bb4)} Bd6 8. a3 (8. c5 {is more complex.} Be7 9. Bb5 Nb4 10. Qa4 a6 11. O-O) 8... e5 $146 (8... dxc4 {seems wilder.} 9. Bxc4 e5 10. h3 exd4 11. exd4 Re8+) ({Predecessor:} 8... b6 9. h3 Ne7 10. e4 dxe4 11. Nxe4 Nxe4 12. Qxe4 Rb8 13. Bd3 Ng6 14. Qe2 f5 {1-0 (39) Mamedyarov,S (2747)-Wojtaszek,R (2727) Huaian 2016}) 9. cxd5 {White is slightly better.} exd4 10. dxc6 dxc3 11. Qxc3 bxc6 12. Qxc6 Rb8 13. Be2 Bb7 14. Qc2 Be4 15. Bd3 Bd5 16. O-O Re8 17. b4 a5 18. bxa5 c5 19. Bc4 Be4 20. Qd1 Qe7 ({Black should play} 20... Bc6 $14) 21. Ra2 $1 $16 Rbd8 22. Rd2 Bc7 23. Ng5 Bg6 {[#]} 24. a6 $1 Rxd2 25. Bxd2 Bh5 (25... Rd8 $142) 26. Be2 (26. Qb3 $18 {is more deadly.}) 26... Qd6 {[%csl Gc7][%cal Rd6h2] [#]} 27. g3 $1 Bxe2 28. Qxe2 h6 29. Nf3 Ra8 30. Bc3 Nd5 31. Bb2 Qxa6 32. Qc2 Rb8 33. Qxc5 Rxb2 34. Qxd5 Qxa3 35. Rc1 Qd6 36. Qe4 Rb8 37. Nd4 g6 38. h4 {h5! is the strong threat.} h5 39. Nf3 Bd8 40. Kg2 Bf6 41. Rc6 Qd8 42. Qc4 Kg7 43. Rc7 Qe8 44. Nd2 Rb6 45. Ne4 {aiming for Ng5.} Re6 46. Nxf6 Rxf6 {[%mdl 4096] Endgame KQR-KQR} 47. Qd4 Qe6 48. Rc5 Kh7 49. e4 Qd6 50. Qc3 Re6 51. Rc7 Re7 52. Rxe7 Qxe7 $14 {KQ-KQ} 53. Qd4 Kg8 54. Kf3 Qe6 55. Qd5 Qf6+ 56. Ke3 Qc3+ 57. Qd3 Qc1+ 58. Qd2 Qc7 59. Kf3 Qc8 60. Kg2 Qc7 61. Qd3 Qe7 62. f4 Qb7 63. Qf3 Qb2+ 64. Kh3 Kg7 65. f5 Qa1 {The position is equal.} 66. fxg6 fxg6 67. Kg2 Qb2+ 68. Qf2 Qc3 69. Qe2 (69. e5 {with more complications.} Qxe5 70. Kh2 Qd5 71. Qb2+ Kh7 72. Qc3) 69... Qe5 70. Qd3 Kf7 71. Kf3 {Black must now prevent Qd5+.} Kg7 72. Qd2 Qa1 73. Qd3 Kh7 74. Kf4 Qf6+ 75. Ke3 Qb6+ 76. Qd4 Qb3+ 77. Kf4 Qf7+ 78. Kg5 {Strongly threatening Qf6.} Qc7 79. e5 {Threatens to win with Kf6.} Qf7 {[%csl Gg6][%cal Rf7f5]} 80. Qe4 Kg7 81. Qc2 Qe7+ 82. Kf4 Qd7 83. Ke3 Qa7+ 84. Ke2 Qd4 85. Qc7+ Kh6 86. Qd6 Qe4+ 87. Kf2 Qc2+ 88. Ke3 Qc3+ 89. Ke4 Qc4+ 90. Qd4 Qc6+ 91. Qd5 Qa4+ 92. Ke3 {Hoping for e6.} Qa3+ 93. Qd3 Qc5+ 94. Ke4 Qc6+ 95. Kd4 Qd7+ 96. Ke3 Qh3 97. Kd2 Qg2+ 98. Kd1 {And now Qd2+ would win.} Qh1+ 99. Kc2 Qc6+ 100. Qc3 Qe4+ 101. Kb3 g5 102. hxg5+ {Accuracy: White = 53%, Black = 72%.} 1/2-1/2

[Event "72nd RUS-ch Higher League 2019"]
[Site "Yaroslavl"]
[Date "2019.06.29"]
[Round "3.3"]
[White "Shimanov, Aleksandr"]
[Black "Sjugirov, Sanan"]
[Result "1/2-1/2"]
[WhiteElo "2615"]
[BlackElo "2667"]
[Annotator "TA"]
[PlyCount "66"]
[EventDate "2019.06.27"]
[EventType "swiss"]
[EventCountry "RUS"]
[SourceTitle "playchess.com"]
[Source "ChessBase"]
[SourceQuality "1"]

{[%evp 9,66,8,17,4,9,13,8,10,6,12,7,2,4,0,11,19,8,19,15,6,6,6,6,6,6,8,7,6,6,6,12,7,6,6,9,0,4,0,0,0,0,0,0,0,0,0,0,0,0,0,0,0,0,0,0,0,0,0,0]} 1. e4 c5 2. Nc3 d6 3. Bb5+ Bd7 4. Bxd7+ Qxd7 5. d4 cxd4 {The position is equal.} 6. Qxd4 {B23: Closed Sicilian: Lines without g3} Nc6 7. Qd3 g6 8. Nf3 Bg7 9. O-O Nf6 10. Nd5 O-O 11. Bg5 Nxd5 $146 ({Predecessor:} 11... Nh5) 12. exd5 Ne5 13. Nxe5 Bxe5 14. Rae1 Rfe8 15. c3 Bf6 16. h4 Bxg5 17. hxg5 e5 18. dxe6 Rxe6 19. Rxe6 Qxe6 $11 {[%mdl 4096] Endgame KQR-KQR} 20. b3 Re8 21. Rd1 Qe5 22. c4 Re6 23. Qf3 Qxg5 24. Qxb7 Qa5 25. a4 Re1+ 26. Rxe1 Qxe1+ {KQ-KQ} 27. Kh2 {Qb8+ is the strong threat.} Qxf2 28. Qb8+ {[%mdl 64] [#] Double Attack} Kg7 29. Qxd6 Qh4+ 30. Kg1 Qe1+ 31. Kh2 Qh4+ 32. Kg1 Qe1+ 33. Kh2 Qh4+ {Accuracy: White = 76%, Black = 88%.} 1/2-1/2

[Event "72nd RUS-ch Higher League 2019"]
[Site "Yaroslavl"]
[Date "2019.06.29"]
[Round "3.4"]
[White "Dreev, Aleksey"]
[Black "Petrov, Nikita"]
[Result "1/2-1/2"]
[WhiteElo "2657"]
[BlackElo "2610"]
[Annotator "TA"]
[PlyCount "93"]
[EventDate "2019.06.27"]
[EventType "swiss"]
[EventCountry "RUS"]
[SourceTitle "playchess.com"]
[Source "ChessBase"]
[SourceQuality "1"]

{[%evp 11,93,26,34,0,30,16,18,26,17,6,14,0,6,8,0,7,6,2,7,-1,2,-8,-8,-9,-9,-11,-13,-11,-15,-30,-29,-30,-30,-29,-13,-20,11,4,11,12,14,0,12,9,9,13,12,10,10,10,11,0,33,29,41,41,54,54,62,63,97,97,97,97,97,97,97,61,61,45,145,145,145,145,56,41,63,39,39,13,13,13,13,13]} 1. d4 Nf6 2. Nf3 e6 3. c4 b6 4. a3 Bb7 5. Nc3 Ne4 6. Nxe4 Bxe4 7. b3 {E12: Queen's Indian: Unusual White 4th moves, 4 a3, 4 Nc3 Bb7 5 a3 and 4 Nc3 Bb7} (7. Nd2 Bg6 8. g3 Nc6 9. e3 e5 10. d5 Na5 11. Bg2 Bd6 12. b4 Nb7 13. Bb2 O-O 14. O-O a5 15. Qb3 Qe7 16. Bc3 {1-0 (57) Korobov,A (2687)-Rapport,R (2736) Hengshui 2019}) 7... g6 $146 ({Predecessor:} 7... d5 8. Bb2 Be7 9. Nd2 Bg6 10. g3 O-O 11. Bg2 c6 12. O-O Nd7 13. e4 Nf6 14. e5 Ne8 {½-½ (53) Huber,M (2276)-Mons,L (2464) Vienna 2015}) 8. e3 Bg7 9. Bd3 Bb7 10. Bb2 d6 11. Qc2 Nd7 12. Be4 Bxe4 13. Qxe4 O-O 14. O-O Qe7 15. Qc6 Nf6 16. b4 Qd7 17. Qxd7 Nxd7 18. Rfd1 Rfc8 19. Rab1 c6 20. Nd2 a5 21. b5 cxb5 22. cxb5 Rc2 23. Kf1 Nf6 24. Ke1 Rac8 25. Rdc1 d5 26. Kd1 Rxc1+ 27. Rxc1 Rxc1+ 28. Bxc1 $11 {[%mdl 4096] Endgame KBN-KBN} Bf8 29. f3 Bd6 30. h3 Ne8 31. Ke2 Nc7 32. a4 Bb4 33. e4 Kf8 34. Nf1 Ke7 35. Bf4 Bd6 {[#]} 36. e5 $1 {[%cal Re5d6]} Bb4 37. Ne3 Kd7 38. Ng4 Be7 39. Bh6 Ne8 40. f4 f5 {[#]} (40... Bb4 $14) 41. Nh2 $1 $16 Nc7 42. Nf3 Ke8 43. Bg5 Bxg5 44. Nxg5 h6 45. Nh7 Ke7 46. Nf6 Ne8 47. Nxe8 $1 {Accuracy: White = 57%, Black = 53%.} 1/2-1/2

[Event "72nd RUS-ch Higher League 2019"]
[Site "Yaroslavl"]
[Date "2019.06.29"]
[Round "3.5"]
[White "Sakaev, Konstantin"]
[Black "Zvjaginsev, Vadim"]
[Result "1/2-1/2"]
[WhiteElo "2584"]
[BlackElo "2644"]
[Annotator "TA"]
[PlyCount "56"]
[EventDate "2019.06.27"]
[EventType "swiss"]
[EventCountry "RUS"]
[SourceTitle "playchess.com"]
[Source "ChessBase"]
[SourceQuality "1"]

{[%evp 16,56,25,22,22,24,24,20,27,31,29,23,22,27,24,20,31,26,28,19,32,22,23,16,24,23,21,12,8,7,2,3,7,3,7,8,12,0,6,0,8,0,14]} 1. d4 e6 2. c4 Bb4+ 3. Bd2 Bxd2+ 4. Qxd2 Nf6 5. Nf3 d5 6. g3 O-O 7. Bg2 Nbd7 8. O-O c6 9. Qc2 b6 {E11: Bogo-Indian} 10. cxd5 cxd5 11. Nc3 a6 $146 ({Predecessor:} 11... Bb7 12. Rfc1 Qe7 13. Qb3 Rfc8 14. e3 a6 15. a4 Rc7 16. Rc2 Rac8 17. Rac1 g6 18. Nd2 Qd8 19. Na2 Ne8 20. Rxc7 {½-½ (20) Novikov,I (2563)-Arkell,K (2467) Rhodes 2019}) 12. Rfc1 Bb7 13. Qb3 Qe7 14. Rc2 Rfc8 15. Rac1 g6 16. e3 Kg7 17. a3 Qd6 18. Ne2 Rxc2 19. Rxc2 Rc8 20. Rxc8 Bxc8 21. Qc2 {The position is equal.} Bb7 22. Nc3 Qc7 23. Nd2 Ne8 24. Qb3 Nd6 25. Bf1 Qc6 26. Bg2 Qc7 27. Bf1 Qc6 28. Bg2 Qc7 {Accuracy: White = 51%, Black = 76%.} 1/2-1/2

[Event "72nd RUS-ch Higher League 2019"]
[Site "Yaroslavl"]
[Date "2019.06.29"]
[Round "3.6"]
[White "Sarana, Alexey"]
[Black "Popov, Ivan"]
[Result "1/2-1/2"]
[WhiteElo "2641"]
[BlackElo "2599"]
[Annotator "TA"]
[PlyCount "81"]
[EventDate "2019.06.27"]
[EventType "swiss"]
[EventCountry "RUS"]
[SourceTitle "playchess.com"]
[Source "ChessBase"]
[SourceQuality "1"]

{[%evp 21,81,0,0,0,14,12,11,4,7,4,6,4,7,5,0,0,0,-2,0,0,0,0,0,0,42,0,7,0,0,0,31,27,41,41,41,41,59,59,59,59,59,41,59,59,59,53,59,33,60,40,67,67,85,59,60,60,60,60,60,60,60,52]} 1. d4 d5 2. Nf3 Nf6 3. c4 dxc4 4. e3 e6 5. Bxc4 c5 6. O-O cxd4 7. exd4 Be7 8. Nc3 O-O 9. d5 exd5 10. Nxd5 Nxd5 11. Bxd5 Nc6 12. Be3 {D26: Queen's Gambit Accepted: 4 e3 e6 5 Bxc5 c5 sidelines} Bf5 13. Bxc6 $146 ({Predecessor:} 13. Rc1 Nb4 14. Bc4 Nc6 15. Nd4 Nxd4 16. Bxd4 Qd6 17. Bc3 Qg6 18. Re1 Bg5 19. Ra1 Rac8 {0-1 (70) Borda,A (2044)-Lemos,D (2439) Buenos Aires 2007}) 13... bxc6 14. Qa4 {The position is equal.} c5 15. Rac1 Qb6 16. b3 Rfd8 17. h3 h6 18. Rfe1 Bf8 19. Red1 Rxd1+ 20. Rxd1 Rd8 21. Rxd8 Qxd8 22. Nd2 Qd7 23. Qa5 g6 24. Qa6 h5 25. Qc4 Qd3 26. Qa4 Qd7 27. Qxd7 Bxd7 $14 {[%mdl 4096] Endgame KBB-KBN} 28. Ne4 {[#] Threatens to win with Nf6+.} Bc6 29. Nxc5 Bxc5 30. Bxc5 {KB-KB} a6 31. f3 f5 32. Kf2 Kf7 33. Ke3 Ke6 34. Kd4 Bb5 35. h4 Bf1 36. g3 Be2 37. Ke3 Bd1 {White is slightly better.} 38. Bb4 Kd5 39. Kf4 Ke6 40. Bc3 Bc2 41. b4 {Accuracy: White = 60%, Black = 59%.} 1/2-1/2

[Event "72nd RUS-ch Higher League 2019"]
[Site "Yaroslavl"]
[Date "2019.06.29"]
[Round "3.7"]
[White "Levin, Evgeny A."]
[Black "Chigaev, Maksim"]
[Result "0-1"]
[WhiteElo "2504"]
[BlackElo "2640"]
[Annotator "TA"]
[PlyCount "66"]
[EventDate "2019.06.27"]
[EventType "swiss"]
[EventCountry "RUS"]
[SourceTitle "playchess.com"]
[Source "ChessBase"]
[SourceQuality "1"]

{[%evp 24,92,25,10,18,14,30,14,14,15,14,21,36,15,15,16,14,12,31,25,16,14,63,77,50,56,58,50,103,63,57,0,0,-21,14,-226,-216,-216,-216,-216,-216,-216,-216,-216,-211,-216,-216,-197,-209,-29996,-406,-399,-405,-346,-354,-353,-345,-437,-412,-387,-392,-339,-229,-222,-217,-204,-210,-29995,-1527,-29996,-29997]} 1. d4 Nf6 2. c4 g6 3. Nc3 Bg7 4. e4 d6 5. Nf3 O-O 6. Be2 e5 7. O-O Na6 8. Re1 c6 9. Bf1 exd4 10. Nxd4 Ng4 11. h3 Qb6 12. hxg4 Qxd4 13. Qf3 Qe5 {E94: King's Indian: Classical: 6 Be2 e5 7 0-0: Various Black 7th moves} 14. Bf4 Qe7 $1 {[#]} 15. Qe3 $146 ({Predecessor:} 15. Rad1 Be5 16. g5 Nc5 17. Qe3 a5 18. Bh2 {½-½ (49) Nyback,T (2575)-Glek,I (2538) Germany 2006}) 15... Re8 {The position is equal.} 16. Rad1 Be5 $1 17. g5 Nc5 18. Bh2 a5 19. f3 b6 20. Rd2 Bb7 21. Red1 Rad8 22. Bf4 Ne6 23. Bxe5 dxe5 24. Rxd8 Rxd8 25. Qxb6 Nd4 ({Black should try} 25... Ra8 $14) 26. f4 (26. Qxa5 $2 Ra8 $19) 26... Rd7 27. Qa7 ({Better is} 27. Qxa5 $14 exf4 28. Qa7) 27... Qd8 $11 28. g3 c5 {Hoping for ...Nf3+.} 29. Bh3 $2 (29. Kf2 $11 exf4 30. gxf4) 29... Nf3+ {[%mdl 64] [#] Discovered Attack} 30. Kf2 Rxd1 31. Nxd1 {Strongly threatening Nc3.} Qd2+ ({Stronger than} 31... Qxd1 32. Qxb7 exf4 33. gxf4 $11) ({Inferior is} 31... Bxe4 32. Qd7 $14) 32. Kxf3 Qxd1+ 33. Kf2 {Black must now prevent Qb8+.} Qd2+ {Played: Qd1-d4} 0-1

[Event "72nd RUS-ch Higher League 2019"]
[Site "Yaroslavl"]
[Date "2019.06.29"]
[Round "3.8"]
[White "Rozum, Ivan"]
[Black "Lysyj, Igor"]
[Result "1/2-1/2"]
[WhiteElo "2572"]
[BlackElo "2623"]
[Annotator "TA"]
[PlyCount "80"]
[EventDate "2019.06.27"]
[EventType "swiss"]
[EventCountry "RUS"]
[SourceTitle "playchess.com"]
[Source "ChessBase"]
[SourceQuality "1"]

{[%evp 16,80,13,0,6,7,1,2,7,0,0,0,0,0,6,0,0,0,35,27,34,18,30,33,43,27,43,15,9,13,10,15,18,8,8,4,7,3,4,4,4,0,0,0,0,0,0,0,0,-7,-7,-7,-7,-7,-7,-7,-7,-7,0,0,0,0,0,0,0,0,0]} 1. d4 Nf6 2. c4 e6 3. Nc3 Bb4 4. e3 O-O 5. Nge2 d5 6. a3 Bd6 7. Ng3 c5 8. dxc5 Bxc5 9. b4 Be7 {E46: Nimzo-Indian: Rubinstein: 4 e3 0-0 5 Ne2 without early Bd3} 10. cxd5 Nxd5 11. Nxd5 Qxd5 $146 ({Predecessor:} 11... exd5 12. Bd3 Bf6 13. Rb1 Nc6 14. O-O Be6 15. Nh5 Be5 16. b5 Na5 17. f4 Bc7 18. f5 Qd6 19. Qg4 Qxh2+ 20. Kf2 Be5 21. Bd2 {1-0 (21) Graf,A (2646)-Hoffmann,M (2468) Germany 2005}) 12. Qxd5 exd5 13. Bb2 a5 14. bxa5 Rxa5 15. Be2 Nc6 16. O-O g6 17. a4 Be6 18. Bb5 Raa8 19. Ne2 Rfd8 20. Rfc1 Rac8 21. Nd4 (21. h3 {looks sharper.} Bf5 22. Nf4 Bg5 23. Bxc6 bxc6 24. Bd4) 21... Nxd4 {The position is equal.} 22. Bxd4 Rxc1+ 23. Rxc1 {White wants to play Rc7.} Rc8 24. Rxc8+ (24. Rd1 {with more complications.} Bf8 25. Kf1 Rc2 26. h3 h5 27. Be2) 24... Bxc8 $11 {[%mdl 4096] Endgame KBB-KBB} 25. Kf1 f5 26. Ke2 Kf7 27. g3 Ke6 28. h4 (28. Bd3 {feels hotter.} Bd7 29. Bc2 g5 30. h3 h5 31. f3) 28... Bd7 29. Bxd7+ (29. Bc3 {looks sharper.} Kd6 30. Bb2 Ke6 31. Kd3 Bb4 32. Bd4) 29... Kxd7 {KB-KB} 30. Kd3 Bb4 31. Bc3 Bc5 32. Bd2 Ke6 33. Be1 h5 34. f4 Kd7 35. Bd2 Kc6 36. Bc3 b5 37. axb5+ Kxb5 38. Bd2 Ka4 39. Bc3 Kb3 40. Bd2 Ka4 {Accuracy: White = 65%, Black = 68%.} 1/2-1/2

[Event "72nd RUS-ch Higher League 2019"]
[Site "Yaroslavl"]
[Date "2019.06.29"]
[Round "3.9"]
[White "Grachev, Boris"]
[Black "Bocharov, Ivan"]
[Result "1/2-1/2"]
[WhiteElo "2621"]
[BlackElo "2559"]
[Annotator "TA"]
[PlyCount "89"]
[EventDate "2019.06.27"]
[EventType "swiss"]
[EventCountry "RUS"]
[SourceTitle "playchess.com"]
[Source "ChessBase"]
[SourceQuality "1"]

{[%evp 9,89,20,23,26,29,33,32,22,30,14,16,6,13,15,20,0,0,10,16,2,27,2,0,0,0,0,25,20,28,20,25,0,0,0,0,0,0,0,0,0,0,0,10,10,10,0,0,0,6,0,0,0,21,24,55,0,0,0,20,0,0,0,0,0,0,0,0,0,0,0,0,0,0,0,0,0,0,0,0,0,0,0]} 1. Nf3 d5 2. e3 Bg4 3. c4 c6 4. cxd5 (4. Qb3 Qc7 5. cxd5 cxd5 6. Bb5+ Nd7 7. Nc3 Bxf3 8. gxf3 e6 9. d4 a6 10. Be2 Qb6 11. Bd2 Qxb3 12. axb3 {1-0 (55) Harikrishna,P (2732)-Navara,D (2727) Prague 2018}) 4... Bxf3 5. Qxf3 cxd5 6. Bb5+ {A11: English Opening: 1...c6} Nc6 7. Bxc6+ bxc6 8. b3 {White is slightly better.} e6 9. Bb2 Nf6 10. O-O $146 ({Predecessor:} 10. Nc3 Bd6 11. Rc1 e5 {0-1 (44) Levin,F (2508)-Van Foreest,J (2457) Netherlands 2015}) 10... Be7 11. Nc3 Qa5 12. Rac1 O-O 13. Rc2 c5 14. Rfc1 Rac8 15. d3 Rfd8 16. h3 Qa6 17. Na4 Qxd3 18. Nxc5 Qb5 $1 {[%cal Rc8c5]} 19. a4 Qb8 20. Bxf6 (20. Qd1 {seems wilder.} a5 21. Bd4 h6 22. Qe1 Bxc5 23. Rxc5 Rxc5 24. Rxc5 Qxb3 25. Bxf6 gxf6 26. Qxa5 Rf8 27. Rb5) 20... Bxf6 21. Nd7 Rxc2 22. Nxf6+ gxf6 23. Rxc2 Qxb3 24. Qxf6 Qxc2 25. Qg5+ Kf8 26. Qxd8+ $11 {[%mdl 4096] Endgame KQ-KQ} Kg7 27. Qa5 Qb1+ $1 28. Kh2 Qb8+ 29. f4 Qb6 30. Qc3+ f6 31. a5 Qd6 32. Qd4 ({White should play} 32. Qc8 $1 $14 Qe7 33. a6) 32... Qc7 {The position is equal.} 33. a6 Kg6 34. Kg3 h5 35. Kf3 Qc1 36. Kf2 h4 37. f5+ {[%mdl 64] [#] Discovered Attack} exf5 38. Qxd5 Qb2+ 39. Kf3 Qa1 {[%cal Ra1f1]} 40. Qg8+ Kh6 {[%cal Ra1f1] [#]} 41. Qh8+ Kg6 {[%cal Ra1f1]} 42. Qe8+ Kg5 {[%cal Ra1f1]} 43. Qg8+ Kh6 {[%cal Ra1f1]} 44. Qh8+ Kg6 {[%cal Ra1f1]} 45. Qg8+ {Accuracy: White = 52%, Black = 79%.} 1/2-1/2

[Event "72nd RUS-ch Higher League 2019"]
[Site "Yaroslavl"]
[Date "2019.06.29"]
[Round "3.10"]
[White "Najer, Evgeniy"]
[Black "Iljiushenok, Ilia"]
[Result "0-1"]
[WhiteElo "2678"]
[BlackElo "2549"]
[Annotator "TA"]
[PlyCount "88"]
[EventDate "2019.06.27"]
[EventType "swiss"]
[EventCountry "RUS"]
[SourceTitle "playchess.com"]
[Source "ChessBase"]
[SourceQuality "1"]

{[%evp 12,88,11,14,39,15,35,21,21,23,22,25,31,22,28,28,35,25,22,35,25,22,59,25,52,18,10,0,0,0,7,0,0,0,0,0,0,-34,0,0,0,-27,-18,-27,-46,-28,0,0,17,0,0,0,0,0,29,0,0,0,0,-37,-34,-51,0,-99,-31,-68,-41,-10,-46,-411,-414,-584,-564,-580,-566,-773,-454,-1552,-1500]} 1. e4 c5 2. Nf3 d6 3. d4 cxd4 4. Nxd4 Nf6 5. Nc3 a6 6. h3 e5 7. Nde2 h5 {B90: Sicilian Najdorf: Unusual White 6th moves, 6 Be3 Ng4 and 6 Be3 e5} 8. Be3 (8. Nd5 Nxd5 9. Qxd5 Nc6 10. Qd1 Be6 11. Nc3 Rc8 12. Be3 Ne7 13. Be2 d5 14. exd5 Nxd5 15. Nxd5 Qxd5 {½-½ (26) Wang,H (2730)-Giri,A (2783) St Petersburg 2018}) 8... Be7 9. Nd5 Nxd5 {The position is equal.} 10. Qxd5 Qc7 $146 ({Predecessor:} 10... Nd7 11. c4 Nf6 12. Qd3 O-O 13. Nc3 Be6 14. Be2 Rc8 15. b3 {0-1 (42) Chen,Q (2437)-Sakaev,K (2584) St Petersburg 2018}) 11. Nc3 Be6 12. Qd2 (12. Qd3 {is more complex.} Nc6 13. a3 Rc8 14. Nd5 Bxd5 15. Qxd5 Qa5+ 16. Qd2) 12... Nd7 13. O-O-O Rc8 14. Kb1 b5 15. Nd5 Bxd5 16. exd5 f5 {White must now prevent ...f4.} 17. g3 Bf6 18. Be2 h4 19. c3 g6 20. Qc2 {With the idea g4.} Kf7 21. g4 f4 22. g5 Be7 23. Bd2 Nc5 24. c4 Qb7 25. cxb5 axb5 26. Bg4 Nd7 27. Qb3 Rc4 28. Bb4 Rhc8 29. a3 Kg7 30. Rhe1 Qa7 31. Qf3 Ra8 {Hoping for ...Rxb4!} 32. Re4 Nb6 33. Be6 Rxe4 34. Qxe4 Nc4 $36 {[%mdl 2048] Black is pushing.} 35. Qe2 f3 36. Qc2 ({Much weaker is} 36. Qxf3 Rf8 $17) 36... Rf8 ({Black should try} 36... Bxg5 $15 37. Rg1 Kh6) 37. Ka2 (37. Rg1 $1 $11 {was the only way to keep the balance.}) 37... Rf4 (37... Bxg5 $17 38. Re1 (38. Rg1 Kh6 $11) 38... Rf6) 38. Rc1 Bxg5 39. Rg1 Kh6 {...e4 is the strong threat.} 40. Bg4 $2 {[%mdl 8192]} ({Don't go for} 40. b3 $2 {[#]} Re4 $3 $19 {[%mdl 512]}) (40. Rg4 $1 $15) 40... e4 $19 41. Re1 (41. Rb1 {was worth a try.} e3 42. fxe3 Nxe3 {[%mdl 64] Double Attack} 43. Qc8) 41... e3 {Black is clearly winning.} 42. fxe3 Nxe3 {[%mdl 64] [#] Double Attack} 43. Qc8 Rxb4 44. Rxe3 (44. Qh8+ $142 Qh7 45. Qxh7+ Kxh7 46. axb4) 44... Bf6 {Accuracy: White = 44%, Black = 57%.} 0-1

[Event "72nd RUS-ch Higher League 2019"]
[Site "Yaroslavl"]
[Date "2019.06.29"]
[Round "3.11"]
[White "Frolyanov, Dmitry"]
[Black "Fedoseev, Vladimir"]
[Result "1/2-1/2"]
[WhiteElo "2538"]
[BlackElo "2680"]
[Annotator "TA"]
[PlyCount "88"]
[EventDate "2019.06.27"]
[EventType "swiss"]
[EventCountry "RUS"]
[SourceTitle "playchess.com"]
[Source "ChessBase"]
[SourceQuality "1"]

{[%evp 11,88,24,26,24,28,26,44,37,68,83,58,68,87,72,81,69,100,71,78,74,79,0,0,-11,-9,-25,-11,-14,-11,-21,-12,-16,0,0,0,0,0,0,0,0,0,0,0,0,0,0,0,0,0,0,0,0,0,0,0,0,4,5,16,33,33,19,40,17,65,16,16,0,0,0,0,0,0,0,0,0,0,0,0]} 1. e4 c5 2. Nf3 d6 3. d4 cxd4 4. Nxd4 Nf6 5. Nc3 a6 6. Bg5 Nbd7 7. Qe2 {B94: Sicilian Najdorf: 6 Bg5 Nbd7} (7. f4 Qc7 8. Qf3 g6 9. O-O-O Bg7 10. Be2 h6 11. Bh4 Nb6 12. h3 Bd7 13. Rhe1 Bc6 14. Nxc6 bxc6 15. Bxf6 exf6 {½-½ (69) Sjugirov,S (2661)-Artemiev,V (2754) Sochi 2019}) 7... e6 8. f4 h6 9. Bh4 {White is slightly better.} Qc7 10. O-O-O Be7 11. g4 g5 12. fxg5 hxg5 13. Bxg5 {[#]} Ne5 $146 ({Predecessor:} 13... b5 14. a3 Ne5 {1-0 (49) Yilmaz,M (2477)-Aveskulov,V (2538) Kharkov 2011}) 14. Rg1 b5 15. a3 Rb8 16. Na2 (16. Qd2 $16) 16... Qc4 $1 $11 {[%cal Rc4a2]} 17. Nb4 Qxe2 $1 18. Bxe2 {[#] Threatens to win with Nbc6.} Bb7 19. Bxf6 $1 Bxf6 20. g5 Bg7 21. g6 $1 Rxh2 22. gxf7+ Kxf7 23. Bg4 Nxg4 24. Rxg4 Rbh8 25. Ndc6 Rf2 26. Kb1 Bxc6 $1 27. Nxc6 Bf8 28. e5 d5 29. Nd8+ Ke7 30. Nc6+ Ke8 31. Rg6 (31. Rdg1 {keeps more tension.} Rh5 32. R1g3 a5 33. Rg6 Kd7 34. Nb8+) 31... Rh6 32. Rxh6 (32. Rg3 {with more complications.} Rhh2 33. Nd4 Ke7 34. Ka2 Rfg2 35. Rc3) 32... Bxh6 {[%mdl 4096] Endgame KRB-KRN} 33. Rg1 Bf8 34. Nb8 a5 35. Nc6 Re2 36. Rg5 Re1+ 37. Ka2 Rc1 38. Nd4 {With the idea Rg6.} Kd7 {The position is equal.} 39. Rg6 Bc5 40. Nxe6 Rxc2 41. Kb1 Rc4 42. b3 Rc3 43. Kb2 b4 44. axb4 axb4 {Accuracy: White = 81%, Black = 75%.} 1/2-1/2